000 00227nam a2200085Ia 4500
008 120527s9999 xx 000 0 und d
100 _aLeeson & Dimrity
245 _aBasic programnming concepts and the IBM 1620 Comp.
942 _cBK
999 _c27823
_d27823